| 000 | 00277 a2200097 4500 | ||
|---|---|---|---|
| 001 | 54992 | ||
| 100 | _aHimma, K Einner | ||
| 245 | _aInternet security: hacking, counterhacking and society | ||
| 260 |
_aLondon _bJones & Barlett Pub, London _c2007 |
||
| 090 |
_c34089 _d34089 |
||
| 942 |
_aNUST-CAE _cMONOGRAPH _c26768 |
||
| 999 |
_c290065 _d290065 |
||